Study Guide for Money, Banking, and Financial Intermediation

Gespeichert in:
Bibliographische Detailangaben
1. Verfasser: Hashemzadeh, Nozar
Format: Buch
Sprache:Englisch
Veröffentlicht: Lexington D.C. Heath and Co. 1991
Ausgabe:1. ed.
Schlagworte:
Tags: Tag hinzufügen
Keine Tags, Fügen Sie das erste Tag hinzu!

MARC

LEADER 00000nam a2200000 4500
001 c006110
005 20221206114949.9
020 |a 0-669-21756-3 
041 0 |a eng 
044 |a US 
245 1 0 |a Study Guide for Money, Banking, and Financial Intermediation  |c Nozar Hashemzadeh 
250 |a 1. ed. 
264 1 |a Lexington  |b D.C. Heath and Co.  |c 1991 
300 |a 326 s. 
610 2 0 |a peniaze 
610 2 0 |a bankovníctvo 
610 2 0 |a politika finančná 
610 2 0 |a makroekonomika 
610 2 0 |a analýza ekonomická 
610 2 0 |a politika peňažná 
100 1 |a Hashemzadeh, Nozar